Drag Race France All Stars Queens by Photo - Statistics

General Stats
  • This quiz has been taken 29 times
    25 since last reset
  • The average score is 10 of 10
Answer Stats
Picture Hint Answer % Correct
🇫🇷 Season 1 ⭐ Soa de Muse
100%
🇫🇷 Season 1 ⭐ Elips
95%
🇫🇷 Season 1 ⭐ Kam Hugh
95%
🇫🇷 Season 1 ⭐ La Big Bertha
95%
🇫🇷 Season 1 ⭐ Magnetica
95%
🇫🇷 Season 1 ⭐ Mami Watta
95%
🇫🇷 Season 1 ⭐ Moon
95%
🇫🇷 Season 1 ⭐ Piche
95%
🇫🇷 Season 1 ⭐ Punani
95%
🇫🇷 Season 1 ⭐ Misty Phoenix
90%
No matching quizzes found
Score Distribution
Percent of People with Each Score
Percentile by Number Answered
Your Score History
You have not taken this quiz since the last reset